| 000 | 01765nam a22002897a 4500 | ||
|---|---|---|---|
| 005 | 20120323120722.0 | ||
| 010 | _aB-447092-096 | ||
| 020 |
_a8178242214 _c295.00 |
||
| 020 |
_a9788178242217 _c295.00 |
||
| 035 | _aB-447092-096 | ||
| 037 | _aBPPD | ||
| 037 | _aK.K.Pub/Ven | ||
| 082 | _a324.25431083 | ||
| 100 |
_aPandian, M.S.S. _944724 |
||
| 245 |
_aBrahmin and non-brahmin : _bgenealogies of the tamil political present / _cby M S S Pandian |
||
| 260 |
_aRanikhet _bPermanent Black _c2007 |
||
| 270 |
_a'Himlayana',Mall Road, _bRanikhet _e263645 |
||
| 300 |
_a274p. _c22cm(pbk) |
||
| 500 | _aIncludes index and bibliographical references | ||
| 942 |
_2ddc _cEN _mPAN _h324.25431083 |
||
| 999 |
_c64285 _d64285 |
||